000 00526nam a2200193Ia 4500
003 GCL
008 140319s9999 xx 000 0 ara d
040 _aGCL /
_cGCL
082 0 4 _a160
_bم ا
100 1 _aمحمد فتحى الشنيطى
245 1 0 _aاسس المنطق والمنهج العلمى /
_cمحمد فتحى الشنيطى
300 _a299 ص
490 _a100 قصة
_v0
650 0 4 _aالفلسفة
650 0 4 _aالقياس
650 0 4 _aالمنطق
650 0 4 _aالقيادة
942 _2ddc
_cBK
999 _c45829
_d45829